[Event "Bad Griesbach Seniors op 23rd"]
[Site "Bad Griesbach"]
[Date "2021.11.16"]
[Round "3"]
[White "Vaclahovsky, Gerhard"]
[Black "Mehlhorn, Dieter"]
[Result "0-1"]
[WhiteElo "1573"]
[BlackElo "1782"]
[PlyCount "114"]
[EventDate "2021.11.14"]
[EventType "swiss"]
[EventRounds "7"]
[EventCountry "GER"]
[SourceTitle "EXT 2024"]
[Source "ChessBase"]
[SourceDate "2023.10.10"]
[SourceVersion "1"]
[SourceVersionDate "2023.10.10"]
[SourceQuality "1"]

1. c4 e5 2. Nc3 d6 3. Nf3 Nf6 4. d3 Nc6 5. g3 Be7 6. Bg2 0-0 7. 0-0 Bd7 8. Rb1 a5 9. a3 Qc8 10. Bd2 Bh3 11. b4 axb4 12. axb4 Bxg2 13. Kxg2 Qd7 14. Qc2 Rfe8 15. Qb2 h6 16. b5 Nd8 17. Ra1 Ne6 18. Ra2 Rxa2 19. Qxa2 Nd4 20. Ng1 b6 21. Qa7 Qc8 22. Ra1 Nb3 23. Ra2 Nxd2 24. Rxd2 Qa8+ 25. Qxa8 Rxa8 26. Ra2 Rxa2 27. Nxa2 e4 28. Nb4 exd3 29. exd3 Kf8 30. Nd5 Ne8 31. f4 Bd8 32. Nf3 Nf6 33. Nxf6 Bxf6 34. d4 d5 35. cxd5 Ke7 36. Ne5 Kd6 37. Nxf7+ Kxd5 38. Kf3 Kxd4 39. g4 Kc5 40. g5 hxg5 41. Nxg5 Kxb5 42. Ke3 c5 43. Kd3 c4+ 44. Kc2 Kc6 45. Ne4 Kd5 46. Ng3 b5 47. Nf5 b4 48. Ne3+ Kd4 49. Nf5+ Kd5 50. Ne3+ Kc5 51. Ng4 b3+ 52. Kb1 Kd4 53. Nxf6 gxf6 54. h4 Ke4 55. h5 Kf5 56. Kb2 Ke6 57. Kc3 Kf7 0-1

[Event "Bad Griesbach Seniors op 23rd"]
[Site "Bad Griesbach"]
[Date "2021.11.14"]
[Round "1"]
[White "Vaclahovsky, Gerhard"]
[Black "Korte, Markus"]
[Result "0-1"]
[WhiteElo "1573"]
[BlackElo "1940"]
[PlyCount "68"]
[EventDate "2021.11.14"]
[EventType "swiss"]
[EventRounds "7"]
[EventCountry "GER"]
[SourceTitle "EXT 2024"]
[Source "ChessBase"]
[SourceDate "2023.10.10"]
[SourceVersion "1"]
[SourceVersionDate "2023.10.10"]
[SourceQuality "1"]

1. d4 d5 2. c4 dxc4 3. Nc3 a6 4. Qa4+ b5 5. Qd1 Bb7 6. Nf3 Nf6 7. g3 b4 8. Na4 e5 9. dxe5 Qxd1+ 10. Kxd1 Ng4 11. Rg1 Nxf2+ 12. Ke1 Ne4 13. Ng5 Nxg5 14. Bxg5 Nd7 15. Bf4 Be7 16. Bg2 Bxg2 17. Rxg2 g5 18. Bd2 Nxe5 19. Rf2 Nc6 20. Rc1 Ne5 21. Rf5 f6 22. Bxg5 Kf7 23. Be3 Kg6 24. Rf4 Rad8 25. Bd4 b3 26. axb3 cxb3 27. Rxc7 Bd6 28. Rc1 Nd3+ 29. exd3 Bxf4 30. Rc4 Rhe8+ 31. Kf2 Rxd4 32. gxf4 Rxd3 33. Rb4 Rc8 34. Ke2 Rh3 0-1

[Event "Innsbruck op-B 2nd"]
[Site "Innsbruck"]
[Date "2018.08.31"]
[Round "8"]
[White "Proksch, Gerhard"]
[Black "Vaclahovsky, Gerhard"]
[Result "1-0"]
[WhiteElo "1955"]
[BlackElo "1638"]
[PlyCount "79"]
[EventDate "2018.08.24"]
[EventType "swiss"]
[EventRounds "9"]
[EventCountry "AUT"]
[SourceTitle "CBM 186 Extra"]
[Source "ChessBase"]
[SourceDate "2018.08.24"]
[SourceVersion "1"]
[SourceVersionDate "2018.08.24"]
[SourceQuality "1"]

1. c3 d5 2. d4 Nf6 3. h3 e6 4. Nf3 Bd6 5. Bg5 c5 6. Nbd2 0-0 7. e4 Be7 8. dxc5 dxe4 9. Bxf6 Bxf6 10. Nxe4 Be7 11. Qxd8 Rxd8 12. Rd1 Rxd1+ 13. Kxd1 Bd7 14. Kc2 Bc6 15. Nd6 Nd7 16. b4 Bxd6 17. cxd6 Be4+ 18. Bd3 Bxf3 19. gxf3 b6 20. Rd1 Ne5 21. Ba6 Rd8 22. Be2 Kf8 23. Kb3 Ke8 24. f4 Ng6 25. Bb5+ Kf8 26. Rd4 f6 27. c4 e5 28. fxe5 fxe5 29. Rd2 Kf7 30. c5 Ke6 31. Bc4+ Kd7 32. Bd5 Nf4 33. Be4 bxc5 34. bxc5 a5 35. Kc4 Nh5 36. Bd5 Nf6 37. c6+ Ke8 38. c7 Rc8 39. Bc6+ Kf7 40. Bb7 1-0

[Event "Bad Woerishofen op 34th"]
[Site "Bad Woerishofen"]
[Date "2018.02.23"]
[Round "1"]
[White "Mueller, Wolfgang2222"]
[Black "Vaclahovsky, Gerhard"]
[Result "1-0"]
[WhiteElo "1852"]
[BlackElo "1684"]
[PlyCount "95"]
[EventDate "2018.02.23"]
[EventType "swiss"]
[EventRounds "9"]
[EventCountry "GER"]
[SourceTitle "EXT 2019"]
[Source "ChessBase"]
[SourceDate "2018.10.10"]
[SourceVersion "1"]
[SourceVersionDate "2018.10.10"]
[SourceQuality "1"]

1. e4 d5 2. exd5 Qxd5 3. Nc3 Qa5 4. d4 c6 5. Bd2 Bf5 6. Nf3 Nd7 7. Be2 Ngf6 8. 0-0 e6 9. a3 Qc7 10. b4 Bd6 11. h3 Bf4 12. Qc1 Bxd2 13. Qxd2 a6 14. Rfc1 Nd5 15. Nxd5 exd5 16. Qe3+ Be4 17. Ng5 0-0 18. Nxe4 Rfe8 19. Qg3 Qb6 20. Nc3 Qxd4 21. Rd1 Qf6 22. Bd3 Ne5 23. Na4 Re7 24. Nc5 Rae8 25. Bf1 Ng6 26. Bd3 Ne5 27. Rac1 Qh6 28. Bf1 Ng6 29. Nd3 Ne5 30. Nxe5 Rxe5 31. Bd3 Qf6 32. Kf1 g6 33. a4 Qe7 34. Rb1 Qd6 35. Kg1 R8e7 36. Qh4 c5 37. bxc5 Qxc5 38. Qb4 Qc8 39. Re1 Rxe1+ 40. Rxe1 Rxe1+ 41. Qxe1 Qd7 42. Qb4 Qc6 43. c4 dxc4 44. Qxc4 Qf6 45. Qc8+ Kg7 46. Qxb7 Qa1+ 47. Bf1 Qxa4 48. Qxa6 1-0

[Event "Stuttgart-chB int"]
[Site "Ditzingen"]
[Date "2016.05.05"]
[Round "1"]
[White "Vaclahovsky, Gerhard"]
[Black "Klueppel, Werner"]
[Result "1-0"]
[WhiteElo "1702"]
[BlackElo "1392"]
[PlyCount "87"]
[EventDate "2016.05.05"]
[EventType "swiss"]
[EventRounds "7"]
[EventCountry "GER"]
[SourceTitle "EXT 2018"]
[Source "ChessBase"]
[SourceDate "2017.10.13"]
[SourceVersion "1"]
[SourceVersionDate "2017.10.13"]
[SourceQuality "1"]

1. e4 c6 2. d4 d5 3. exd5 cxd5 4. Nf3 Nf6 5. c3 Bf5 6. Bb5+ Nc6 7. Ne5 Rc8 8. 0-0 a6 9. Nxc6 bxc6 10. Bxa6 Rb8 11. Bd3 Bxd3 12. Qxd3 e6 13. Nd2 Bd6 14. Nf3 Qc7 15. h3 0-0 16. Re1 Ne4 17. Re2 h6 18. c4 Nf6 19. c5 Bf4 20. Bxf4 Qxf4 21. Ne5 Rbc8 22. g3 Qf5 23. Qxf5 exf5 24. Rae1 Ne4 25. Kg2 Ng5 26. a4 Ne6 27. Rd2 Rfe8 28. Kf1 Kf8 29. b4 f6 30. Nd7+ Kf7 31. Nb6 Rc7 32. b5 cxb5 33. axb5 Ra7 34. Nxd5 Ra4 35. c6 Rc4 36. Nf4 Nxd4 37. Rxe8 Kxe8 38. c7 Kd7 39. Ne2 Kxc7 40. Nxd4 g6 41. Rc2 Rxc2 42. Nxc2 Kb6 43. Nd4 Kc5 44. Ke2 1-0

[Event "Augsburg op"]
[Site "Augsburg"]
[Date "2013.12.28"]
[Round "3"]
[White "Kolb, Wolfgang"]
[Black "Vaclahovsky, Gerhard"]
[Result "1-0"]
[WhiteElo "2066"]
[BlackElo "1712"]
[PlyCount "55"]
[EventDate "2013.12.27"]
[EventType "swiss"]
[EventRounds "7"]
[EventCountry "GER"]
[SourceTitle "CBM 158 Extra"]
[Source "ChessBase"]
[SourceDate "2014.02.28"]
[SourceVersion "1"]
[SourceVersionDate "2014.02.28"]
[SourceQuality "1"]

1. c4 e5 2. Nc3 Nf6 3. g3 c6 4. Bg2 d5 5. cxd5 Nxd5 6. Nxd5 cxd5 7. Qb3 e4 8. d3 Bc5 9. dxe4 Qf6 10. Be3 Bxe3 11. Qxe3 0-0 12. exd5 Qxb2 13. Qc1 Qb4+ 14. Qd2 Qd6 15. Nh3 Nd7 16. 0-0 Nf6 17. Rad1 Bxh3 18. Bxh3 Ne4 19. Qd4 Rfe8 20. Bg2 f5 21. Rfe1 Re5 22. Bxe4 Rxe4 23. Qb2 b6 24. Rd4 Re5 25. f4 Rxd5 26. Qb3 Rd8 27. Red1 Qc5 28. Kf1 1-0

[Event "Augsburg op"]
[Site "Augsburg"]
[Date "2013.12.27"]
[Round "2"]
[White "Vaclahovsky, Gerhard"]
[Black "Behling, Robert"]
[Result "0-1"]
[WhiteElo "1712"]
[BlackElo "2124"]
[PlyCount "96"]
[EventDate "2013.12.27"]
[EventType "swiss"]
[EventRounds "7"]
[EventCountry "GER"]
[SourceTitle "CBM 158 Extra"]
[Source "ChessBase"]
[SourceDate "2014.02.28"]
[SourceVersion "1"]
[SourceVersionDate "2014.02.28"]
[SourceQuality "1"]

1. e4 c6 2. d4 d5 3. exd5 cxd5 4. Nf3 Nc6 5. Be2 Bf5 6. c3 e6 7. 0-0 Bd6 8. Bg5 Qc7 9. Bh4 Nge7 10. Bg3 Bxg3 11. fxg3 0-0 12. Nh4 Be4 13. Bd3 f5 14. Nf3 h6 15. Qe2 e5 16. Nxe5 Nxe5 17. dxe5 Nc6 18. Nd2 Nxe5 19. Bxe4 fxe4 20. Nb3 Qb6+ 21. Kh1 Nd3 22. h3 Rxf1+ 23. Rxf1 Rf8 24. Rxf8+ Kxf8 25. Kh2 Qf2 26. Qxf2+ Nxf2 27. Nd4 Nd1 28. Ne6+ Kf7 29. Nf4 Nxb2 30. Nxd5 Ke6 31. Ne3 Na4 32. c4 Ke5 33. Kg1 Nc3 34. a3 Nb1 35. Nc2 Nd2 36. Ne3 Kd4 37. Nf5+ Kd3 38. Kf2 Nxc4 39. Nxg7 Kd2 40. Nf5 e3+ 41. Nxe3 Nxe3 42. Kf3 b5 43. g4 a5 44. h4 b4 45. axb4 axb4 46. g5 hxg5 47. h5 b3 48. h6 b2 0-1